00481nam a2200181Ia 4500003000400000005001700004008004100021020001800062040000700080041000800087082001900095100005400114245003900168260003700207300001200244365001300256650003000269OSt20230615155132.0210423s2006 xx 000 0 und d a81-8061-877-3 cAL aeng a637.1 BISM223 aBISWAS (Subhasish);BHATTACHARYYA (Subhash Kumar). aMilk and milk products technology. aNew DelhibJaypee Brothersc2006 a236bPB b275cINR aDairy Products Processing